Derecho internacional humanitario

সংরক্ষণ করুন:
গ্রন্থ-পঞ্জীর বিবরন
প্রধান লেখক: Rodríguez-Villasante y Prieto, José Luis (Author), López Sánchez, Joaquín (Author)
বিন্যাস: গ্রন্থ
ভাষা:স্প্যানিশ
প্রকাশিত: Valencia Tirant Lo Blanch 2017
সংস্করন:3a. ed
মালা:Monografías
বিষয়গুলি:
ট্যাগগুলো: ট্যাগ যুক্ত করুন
কোনো ট্যাগ নেই, প্রথমজন হিসাবে ট্যাগ করুন!

MARC

LEADER 00000cam a2200000 a 4500
001 UCC9155
003 CL-VaPUC
008 190906e20170000sp |||||||||||||||||spa|d
020 |a 9788491198703 
082 0 4 |a 341  |b ROD  |2 21 
100 0 |a Rodríguez-Villasante y Prieto, José Luis  |e author  |9 604048 
700 0 |a López Sánchez, Joaquín  |e author  |9 604049 
245 1 0 |a Derecho internacional humanitario 
250 |a 3a. ed 
300 |a 1312 p 
942 |c BK 
945 |d 20190906 13:31:00  |a dcastane 
260 |a Valencia  |b Tirant Lo Blanch  |c 2017 
650 0 |a Derecho internacional  |9 255637 
650 0 |a Dignidad humana   |9 394427 
583 |a last modification  |c 20190906 13:31:00  |k Rodrigo Vera 
490 0 |a Monografías 
999 |c 375349  |d 375347 
952 |0 0  |1 0  |3 erb  |4 0  |6 341_000000000000000_ROD_2017  |7 0  |8 WP_COW  |9 561298  |a BIBDER  |b BIBDER  |e Fundación W and P Cowley  |i 5599121  |l 7  |m 2  |o 341 ROD 2017  |p 5599121  |r 2023-12-07  |s 2023-11-24  |w 2020-03-12  |y BK  |z Catalogado en:20190906  |k WPC